[Event "Copenhagen Chess Challenge 2017"]
[Site "Ballerup"]
[Date "2017.05.12"]
[Round "4.23"]
[White "Quinones Maletti, Julio Guillermo"]
[Black "Harstad, Christian"]
[Result "1/2-1/2"]
[WhiteElo "2164"]
[BlackElo "1979"]
[PlyCount "126"]
[EventDate "2017.05.10"]

1. e4 e5 2. Nf3 Nc6 3. Bb5 a6 4. Ba4 Nf6 5. Qe2 b5 6. Bb3 Be7 7. c3 d6 8. O-O
O-O 9. Rd1 Bg4 10. h3 Bh5 11. d3 d5 12. Nbd2 dxe4 13. dxe4 Bd6 14. Nf1 Na5 15.
Bc2 Nd7 16. Ng3 Bg6 17. a4 Qb8 18. Nh4 Nc5 19. b4 Ncb3 20. Rb1 Nxc1 21. Rbxc1
Nc6 22. Nhf5 Rd8 23. Bd3 Na7 24. Ra1 c6 25. Rd2 Bf8 26. Qd1 c5 27. bxc5 Bxc5
28. Bf1 Qb6 29. Qc2 Rxd2 30. Qxd2 Rd8 31. Qc2 b4 32. cxb4 Bxb4 33. Rb1 a5 34.
Bc4 Nc6 35. Bd5 Nd4 36. Nxd4 exd4 37. Qc4 Qf6 38. Ne2 Qe5 39. Rd1 Bxe4 40.
Bxf7+ Kf8 41. Ng3 Bd5 42. Qb5 Kxf7 43. Qa6 Rd7 44. Qd3 g6 45. Qb5 Ke7 46. Rc1
Qd6 47. Qd3 Bb7 48. Qe2+ Kf7 49. Ne4 Qd5 50. Qf3+ Kg7 51. Qf6+ Kg8 52. f3 Qf7
53. Qh4 Bxe4 54. Rc8+ Kg7 55. Qxe4 d3 56. Qe5+ Qf6 57. Rg8+ Kxg8 58. Qxf6 Rd6
59. Qe5 d2 60. Qe8+ Kg7 61. Qe7+ Kg8 62. Qe8+ Kg7 63. Qe7+ Kg8 1/2-1/2

[Event "Copenhagen Chess Challenge 2017"]
[Site "Ballerup"]
[Date "2017.05.12"]
[Round "4.24"]
[White "Larsen, Ulrik"]
[Black "Hagen, Andreas Skytte"]
[Result "0-1"]
[WhiteElo "1938"]
[BlackElo "2389"]
[PlyCount "54"]
[EventDate "2017.05.10"]

1. e4 c6 2. d4 d5 3. exd5 cxd5 4. Bd3 Nc6 5. c3 Nf6 6. Nf3 Bg4 7. Nbd2 e6 8.
Qb3 Qc7 9. O-O Bd6 10. h3 Bh5 11. Re1 O-O 12. Nh4 Rab8 13. Ndf3 Bxf3 14. Nxf3
h6 15. Qd1 b5 16. Qe2 b4 17. Ne5 bxc3 18. bxc3 Ne4 19. Nxc6 Qxc6 20. c4 Bb4 21.
Rf1 Bc3 22. Bxh6 gxh6 23. Qg4+ Kh7 24. cxd5 exd5 25. Qf5+ Qg6 26. Qxd5 Bxa1 27.
Bxe4 f5 0-1

[Event "Copenhagen Chess Challenge 2017"]
[Site "Ballerup"]
[Date "2017.05.12"]
[Round "4.25"]
[White "Eriksson, Christian Altenburg"]
[Black "Nielsen, Thomas (1975)"]
[Result "1-0"]
[WhiteElo "2170"]
[BlackElo "1916"]
[PlyCount "43"]
[EventDate "2017.05.10"]

1. e4 c6 2. d4 d5 3. e5 Bf5 4. Nf3 e6 5. Be2 Bb4+ 6. Nbd2 Nd7 7. O-O Ba5 8. c3
Bc7 9. b4 f6 10. Re1 fxe5 11. dxe5 Nxe5 12. Nxe5 Bxe5 13. Bh5+ g6 14. Rxe5 gxh5
15. Qxh5+ Kd7 16. Rxf5 exf5 17. Qxf5+ Kd6 18. Nf3 Nf6 19. Bf4+ Ke7 20. Re1+ Kf8
21. Bh6+ Kg8 22. Qe6# 1-0

[Event "Copenhagen Chess Challenge 2017"]
[Site "Ballerup"]
[Date "2017.05.12"]
[Round "4.26"]
[White "Brondal, Paul"]
[Black "Steenstrup, Svend"]
[Result "1/2-1/2"]
[WhiteElo "2118"]
[BlackElo "1916"]
[PlyCount "91"]
[EventDate "2017.05.10"]

1. c4 e5 2. Nc3 Nf6 3. g3 c6 4. d4 exd4 5. Qxd4 d5 6. cxd5 Be7 7. Bg2 Na6 8. e4
Nb4 9. Qd1 cxd5 10. a3 Qa5 11. Be3 Nc6 12. exd5 Ne5 13. Qd4 Nfd7 14. Bf1 Bf6
15. Qa4 Nd3+ 16. Ke2 Bxc3 17. Qxa5 Bxa5 18. Kxd3 Nf6 19. Bg2 Bf5+ 20. Ke2 Rc8
21. Rc1 O-O 22. Nh3 Bg4+ 23. f3 Rce8 24. Kf2 Nxd5 25. Bc5 Bxh3 26. Bxh3 Bb6 27.
Bxb6 Nxb6 28. Rc7 Rd8 29. Re1 Rd2+ 30. Re2 Rxe2+ 31. Kxe2 Re8+ 32. Kf2 Rd8 33.
Rxb7 h5 34. Ke2 Nc4 35. Rd7 Rb8 36. b4 a5 37. Rd4 Nxa3 38. bxa5 Rb2+ 39. Rd2
Rxd2+ 40. Kxd2 Nc4+ 41. Kc3 Nxa5 42. Bd7 Kf8 43. f4 Ke7 44. Ba4 Kd6 45. Bd1 g6
46. Bf3 1/2-1/2

[Event "Copenhagen Chess Challenge 2017"]
[Site "Ballerup"]
[Date "2017.05.12"]
[Round "4.27"]
[White "Andersen, Soren Mikkel"]
[Black "Bendixen, Daniel"]
[Result "1-0"]
[WhiteElo "2111"]
[BlackElo "1855"]
[PlyCount "79"]
[EventDate "2017.05.10"]

1. d4 d5 2. c4 e6 3. Nc3 Nf6 4. Bg5 Be7 5. e3 O-O 6. Nf3 Nbd7 7. Qc2 c6 8. a3
b6 9. cxd5 cxd5 10. Bd3 Bb7 11. O-O Rc8 12. Nd2 h6 13. Bh4 Nh5 14. Bxe7 Qxe7
15. Rfc1 Nhf6 16. h3 Rc7 17. Qd1 a6 18. Qf1 b5 19. a4 b4 20. Nce4 Rxc1 21.
Nxf6+ Nxf6 22. Rxc1 Qd6 23. a5 Rc8 24. Rxc8+ Bxc8 25. Qc1 Bb7 26. Nb3 Nd7 27.
Qd2 e5 28. Nc5 Nxc5 29. Qxb4 exd4 30. exd4 Qf4 31. Qxc5 Qd2 32. Qc3 Qd1+ 33.
Kh2 g6 34. Qc2 Qe1 35. Qe2 Qxa5 36. Qe8+ Kg7 37. Qe5+ Kh7 38. Qe7 Qb6 39. Qxf7+
Kh8 40. Bxg6 1-0

[Event "Copenhagen Chess Challenge 2017"]
[Site "Ballerup"]
[Date "2017.05.12"]
[Round "4.28"]
[White "Slettebo, Jan"]
[Black "Winkler, Finn Lukas"]
[Result "1-0"]
[WhiteElo "2020"]
[BlackElo "1824"]
[PlyCount "71"]
[EventDate "2017.05.10"]

1. e4 c6 2. d4 d5 3. e5 Bf5 4. Nc3 e6 5. g4 Bg6 6. Nge2 Be7 7. Bg2 Nd7 8. O-O
Qb6 9. f4 O-O-O 10. Ng3 f5 11. gxf5 Bxf5 12. Nxf5 exf5 13. a3 Nf8 14. b4 Ne6
15. Be3 Nh6 16. h3 Rhf8 17. b5 Nc7 18. bxc6 Qxc6 19. Qd3 a6 20. Nxd5 Nxd5 21.
c4 Nxf4 22. Bxf4 Qb6 23. Be3 f4 24. Rab1 Qg6 25. Qxg6 hxg6 26. Bxb7+ Kc7 27.
Bf2 Bxa3 28. Bxa6 Rb8 29. d5 Nf5 30. Ba7 Rb2 31. Rxb2 Bxb2 32. Rb1 Ra8 33. d6+
Kd7 34. Rxb2 Rxa7 35. Rb7+ Rxb7 36. Bxb7 1-0

[Event "Copenhagen Chess Challenge 2017"]
[Site "Ballerup"]
[Date "2017.05.12"]
[Round "4.29"]
[White "Winther, Bjarke Rosenborg"]
[Black "Andersen, Kim Nyvang"]
[Result "0-1"]
[WhiteElo "1784"]
[BlackElo "2011"]
[PlyCount "70"]
[EventDate "2017.05.10"]

1. e4 c5 2. Nf3 Nc6 3. d4 cxd4 4. Nxd4 Nf6 5. Nc3 e5 6. Nf3 Bb4 7. Bc4 O-O 8.
O-O h6 9. Nd5 Bc5 10. Nxf6+ Qxf6 11. c3 a6 12. Qe2 b5 13. Bd5 Rd8 14. Be3 Bf8
15. Rfd1 Rb8 16. a3 Bb7 17. b4 Rdc8 18. c4 bxc4 19. Bxc4 Ne7 20. Rxd7 Bxe4 21.
Nd2 Bxg2 22. Kxg2 Qc6+ 23. Qf3 Qxd7 24. Qxf7+ Kh8 25. Be6 Qe8 26. Qxe8 Rxe8 27.
Bc4 Ra8 28. Nf3 Nf5 29. Bb6 e4 30. Nd2 e3 31. fxe3 Nxe3+ 32. Bxe3 Rxe3 33. Nf3
Rc8 34. Kf2 Rxf3+ 35. Kxf3 Rxc4 0-1

[Event "Copenhagen Chess Challenge 2017"]
[Site "Ballerup"]
[Date "2017.05.12"]
[Round "4.30"]
[White "Fossan, Andreas"]
[Black "Christophersen, David"]
[Result "1-0"]
[WhiteElo "1994"]
[BlackElo "1788"]
[PlyCount "67"]
[EventDate "2017.05.10"]

1. d4 f5 2. Nc3 Nf6 3. Bg5 e6 4. e4 h6 5. Bxf6 Qxf6 6. exf5 exf5 7. Bc4 Bb4 8.
Nge2 Nc6 9. O-O Na5 10. Qd3 c6 11. Rfe1 d5 12. Bxd5 cxd5 13. Nxd5 Qd6 14. c3
O-O 15. Nxb4 Be6 16. Qg3 Qd7 17. Nf4 Bf7 18. Nfd3 Bh5 19. f4 Nc4 20. Ne5 Nxe5
21. Rxe5 Kh8 22. Rae1 Rae8 23. Nd3 Qa4 24. a3 Qc2 25. Qe3 Rxe5 26. fxe5 g5 27.
e6 f4 28. Qe5+ Kg8 29. e7 Re8 30. Nxf4 Bf7 31. Nd5 Bxd5 32. Qxd5+ Kg7 33. Qe5+
Kg8 34. Qf6 1-0

[Event "Copenhagen Chess Challenge 2017"]
[Site "Ballerup"]
[Date "2017.05.12"]
[Round "4.31"]
[White "Liu, Casper Yukun"]
[Black "Pakmor, Claus"]
[Result "0-1"]
[WhiteElo "1803"]
[BlackElo "1992"]
[PlyCount "52"]
[EventDate "2017.05.10"]

1. e4 e5 2. Nf3 Nc6 3. Bc4 Bc5 4. O-O d6 5. c3 Nf6 6. d4 exd4 7. cxd4 Bb6 8.
Bg5 h6 9. Bh4 g5 10. Bxg5 hxg5 11. Nxg5 d5 12. exd5 Nxd5 13. Nxf7 Kxf7 14. Qf3+
Qf6 15. Bxd5+ Kg7 16. Bxc6 bxc6 17. Qxf6+ Kxf6 18. Rd1 Bg4 19. Rc1 Bxd4 20.
Rxc6+ Be6 21. Nc3 Be5 22. f4 Bd4+ 23. Kh1 Rad8 24. f5 Kxf5 25. Rf1+ Kg4 26.
Rxe6 Rxh2+ 0-1

[Event "Copenhagen Chess Challenge 2017"]
[Site "Ballerup"]
[Date "2017.05.12"]
[Round "4.32"]
[White "Stage Steffensen, Sander"]
[Black "Nielsen, Carsten Juul"]
[Result "1-0"]
[WhiteElo "1952"]
[BlackElo "1897"]
[PlyCount "57"]
[EventDate "2017.05.10"]

1. e4 e5 2. Nf3 Nc6 3. Bc4 Nf6 4. Nc3 Nxe4 5. Nxe4 d5 6. Bd3 dxe4 7. Bxe4 Bd6
8. d4 Nxd4 9. Nxd4 exd4 10. Qxd4 O-O 11. Be3 Qe7 12. O-O-O Re8 13. f3 Be5 14.
Qd3 g6 15. h4 Be6 16. Qb5 Bxa2 17. h5 c6 18. Qa4 Bd5 19. hxg6 hxg6 20. Bxd5
cxd5 21. Bd4 Qf6 22. Kb1 Bxd4 23. Rxd4 Re2 24. Rh2 Re1+ 25. Ka2 Rc8 26. Rdh4
Rc6 27. Rh8+ Qxh8 28. Rxh8+ Kxh8 29. Qh4+ 1-0

[Event "Copenhagen Chess Challenge 2017"]
[Site "Ballerup"]
[Date "2017.05.12"]
[Round "4.33"]
[White "Larsen, Preben R"]
[Black "Oltzen, Samuel"]
[Result "1-0"]
[WhiteElo "1841"]
[BlackElo "1914"]
[PlyCount "113"]
[EventDate "2017.05.10"]

1. e4 c5 2. Nf3 d6 3. d4 cxd4 4. Nxd4 Nf6 5. Nc3 a6 6. Be2 Nbd7 7. Be3 e6 8.
O-O b5 9. a4 b4 10. Nc6 Qc7 11. Nxb4 d5 12. Nba2 dxe4 13. Qd2 Bd6 14. h3 Bb7
15. Rad1 Bh2+ 16. Kh1 Be5 17. Bd4 Bf4 18. Be3 e5 19. Qd6 Rc8 20. Bxa6 Bxa6 21.
Qxa6 Bxe3 22. fxe3 O-O 23. Nd5 Nxd5 24. Rxd5 Nb6 25. Rb5 Nc4 26. Qb7 Qxb7 27.
Rxb7 Nxe3 28. Re1 Nxc2 29. Rxe4 Rfe8 30. a5 f5 31. Re2 Nd4 32. Rd2 f4 33. Nc3
Nf5 34. a6 e4 35. a7 e3 36. Rd1 h5 37. Kg1 h4 38. Ne2 g5 39. Rd5 Rf8 40. Rb8
Rxb8 41. axb8=Q Rxb8 42. Rxf5 Rxb2 43. Rxg5+ Kh7 44. Nxf4 Rb1+ 45. Kh2 Rf1 46.
Rh5+ Kg7 47. Rxh4 Re1 48. Kg3 Kf6 49. Rh6+ Kf5 50. Re6 Rf1 51. Rxe3 Kg5 52. h4+
Kh6 53. Re6+ Kg7 54. h5 Rh1 55. Nh3 Ra1 56. h6+ Kh7 57. Ng5+ 1-0

[Event "Copenhagen Chess Challenge 2017"]
[Site "Ballerup"]
[Date "2017.05.12"]
[Round "4.34"]
[White "Van den Brink, Nienke"]
[Black "Tandrup, Michael"]
[Result "0-1"]
[WhiteElo "1756"]
[BlackElo "1906"]
[PlyCount "58"]
[EventDate "2017.05.10"]

1. Nc3 d5 2. e4 dxe4 3. Nxe4 Nf6 4. Ng3 e6 5. Nf3 b6 6. d4 Bb7 7. c3 c5 8. Bb5+
Bc6 9. Bxc6+ Nxc6 10. Qa4 Qd7 11. dxc5 Bxc5 12. Bg5 Ne5 13. Qxd7+ Nfxd7 14.
Nxe5 Nxe5 15. O-O h6 16. Bc1 Nd3 17. Ne4 f5 18. Nxc5 Nxc5 19. c4 Kf7 20. Be3
Nd3 21. b3 Rhd8 22. Rfd1 f4 23. Bd2 Nb2 24. Kf1 Nxd1 25. Rxd1 Rd3 26. Ke2 Rad8
27. f3 g5 28. h3 e5 29. b4 R3d4 0-1

[Event "Copenhagen Chess Challenge 2017"]
[Site "Ballerup"]
[Date "2017.05.12"]
[Round "4.35"]
[White "Kvaloy, Aksel Bu"]
[Black "Kallenbach, Uffe"]
[Result "1/2-1/2"]
[WhiteElo "1706"]
[BlackElo "1698"]
[PlyCount "61"]
[EventDate "2017.05.10"]

1. e4 c5 2. Nf3 Nf6 3. Nc3 Nc6 4. Bb5 Nd4 5. Bc4 d6 6. Nxd4 cxd4 7. Ne2 Nxe4 8.
Nxd4 d5 9. Bb5+ Bd7 10. Bxd7+ Qxd7 11. d3 Nf6 12. O-O g6 13. Re1 Bg7 14. Qe2
O-O 15. Nf3 Rfe8 16. Ne5 Qa4 17. b3 Qa5 18. Bb2 Nd7 19. d4 Qc7 20. Nxd7 Qxd7
21. Rad1 Rac8 22. c4 dxc4 23. bxc4 Qa4 24. c5 Rcd8 25. Qd2 Qxa2 26. Ra1 Qd5 27.
Rxa7 Qxc5 28. dxc5 Rxd2 29. Bxg7 Kxg7 30. Rxb7 Rc2 31. g3 1/2-1/2

[Event "Copenhagen Chess Challenge 2017"]
[Site "Ballerup"]
[Date "2017.05.12"]
[Round "4.37"]
[White "Nielsen, Thomas (1994)"]
[Black "Sundin, Sven Ingvar"]
[Result "0-1"]
[WhiteElo "1582"]
[BlackElo "1605"]
[PlyCount "110"]
[EventDate "2017.05.10"]

1. a3 e5 2. e4 Nf6 3. Nc3 Nc6 4. Nf3 d5 5. exd5 Nxd5 6. Ne4 Bg4 7. Bc4 f5 8.
Neg5 e4 9. h3 Bh5 10. g4 fxg4 11. hxg4 Bxg4 12. Nxe4 Nd4 13. Be2 Nxe2 14. Qxe2
Qe7 15. d3 h6 16. Bd2 O-O-O 17. O-O-O Qf7 18. Ne5 Bxe2 19. Nxf7 Bxd1 20. Kxd1
Be7 21. Nxh8 Rxh8 22. c4 Nf6 23. Bc3 Kd7 24. Ke2 Ke6 25. Rg1 Nxe4 26. dxe4 Bf6
27. Bxf6 Kxf6 28. f4 g5 29. Ke3 c5 30. b4 cxb4 31. axb4 Rg8 32. Rh1 Rh8 33.
fxg5+ Kxg5 34. Rf1 h5 35. e5 h4 36. Ke4 h3 37. Rg1+ Kh4 38. e6 h2 39. Rh1 Kg3
40. Ke5 Kg2 41. Rxh2+ Kxh2 42. e7 Kg3 43. Kd6 Kf4 44. Kd7 Ke4 45. c5 Kd5 46.
Kc7 Re8 47. Kd7 Rxe7+ 48. Kxe7 Kc6 49. Ke6 b6 50. cxb6 Kxb6 51. Kd5 Kb5 52. Kd4
Kxb4 53. Kd3 Kb3 54. Kd2 Kb2 55. Kd3 a5 0-1

[Event "Copenhagen Chess Challenge 2017"]
[Site "Ballerup"]
[Date "2017.05.12"]
[Round "5.1"]
[White "Rasmussen, Allan Stig"]
[Black "Andersen, Mads"]
[Result "1-0"]
[WhiteElo "2547"]
[BlackElo "2582"]
[PlyCount "137"]
[EventDate "2017.05.10"]

1. d4 d5 2. c4 e6 3. Nf3 Nf6 4. g3 dxc4 5. Bg2 a6 6. O-O Nc6 7. e3 Bd7 8. Qe2
Bd6 9. Qxc4 O-O 10. Rd1 Rb8 11. Nbd2 Qe7 12. Qc2 e5 13. dxe5 Nxe5 14. Nxe5 Bxe5
15. Nc4 Qc5 16. Rd2 Bb5 17. Nxe5 Qxe5 18. a4 Bd7 19. e4 Bc6 20. Re2 Rbd8 21.
Bf4 Qe7 22. f3 Rfe8 23. Qc3 h6 24. Be3 Nd7 25. b3 Ne5 26. Bd4 f6 27. Rd2 Qe6
28. Rad1 Rd7 29. Bf2 Red8 30. Rxd7 Rxd7 31. Rd4 Rxd4 32. Bxd4 Qd6 33. Kf2 Bd7
34. Bf1 Kh8 35. Be2 a5 36. f4 Nc6 37. Bc5 Qe6 38. Qc4 b6 39. Ba3 Qh3 40. Kg1
Qe6 41. Bf1 f5 42. Kf2 fxe4 43. Bb2 e3+ 44. Kf3 Ne7 45. Qxe6 Bxe6 46. Bc4 Nd5
47. f5 Bf7 48. Bd4 Kg8 49. g4 Kf8 50. h4 c6 51. Bxe3 Ke8 52. Bd4 g6 53. Ke4
gxf5+ 54. Kxf5 Ke7 55. g5 hxg5 56. Kxg5 b5 57. axb5 cxb5 58. Bxb5 Nc7 59. Bc5+
Kd8 60. Ba4 Ne6+ 61. Kf6 Bg8 62. Bb6+ Kc8 63. h5 Kb7 64. Be3 Kc7 65. h6 Kd6 66.
Bb6 Bh7 67. Bxa5 Bd3 68. Bb4+ Kd5 69. Bc6+ 1-0

[Event "Copenhagen Chess Challenge 2017"]
[Site "Ballerup"]
[Date "2017.05.12"]
[Round "5.2"]
[White "Percivaldi, Martin"]
[Black "Chatalbashev, Boris"]
[Result "1/2-1/2"]
[WhiteElo "2421"]
[BlackElo "2546"]
[PlyCount "113"]
[EventDate "2017.05.10"]

1. Nf3 g6 2. c4 Bg7 3. d4 Nf6 4. g3 d5 5. cxd5 Nxd5 6. Bg2 Nb6 7. Nc3 Nc6 8. e3
O-O 9. O-O Re8 10. h3 Rb8 11. a3 e5 12. d5 e4 13. Nd2 Nxd5 14. Ndxe4 Nxc3 15.
Nxc3 Be6 16. Qa4 Ne5 17. e4 b5 18. Qxa7 Qc8 19. Nd5 Bxh3 20. Bf4 Rb7 21. Qa6
Bxg2 22. Kxg2 Re6 23. Qa5 Nc4 24. Qb4 c6 25. Nc3 h6 26. Rad1 g5 27. Bc1 c5 28.
Qb3 Qc6 29. Rd8+ Kh7 30. Nd5 Rxe4 31. Qf3 Re5 32. b3 Nb6 33. Rd1 Nxd5 34. R1xd5
Rxd5 35. Rxd5 Rc7 36. Be3 c4 37. bxc4 bxc4 38. Rc5 Qxf3+ 39. Kxf3 Rxc5 40. Bxc5
Bb2 41. Ke4 h5 42. a4 h4 43. gxh4 gxh4 44. a5 h3 45. Bd6 f5+ 46. Kxf5 c3 47. a6
c2 48. a7 c1=Q 49. a8=Q Qh6 50. Qb7+ Bg7 51. Bg3 h2 52. Bxh2 Qh5+ 53. Ke6 Qh3+
54. Ke7 Qh4+ 55. Kd7 Qxh2 56. Qe4+ Kh6 57. Qe3+ 1/2-1/2

[Event "Copenhagen Chess Challenge 2017"]
[Site "Ballerup"]
[Date "2017.05.12"]
[Round "5.3"]
[White "Ochsner, Bjorn Moller"]
[Black "Pfreundt, Jakob"]
[Result "1-0"]
[WhiteElo "2436"]
[BlackElo "2388"]
[PlyCount "139"]
[EventDate "2017.05.10"]

1. e4 c5 2. Nf3 Nc6 3. d4 cxd4 4. Nxd4 Nf6 5. Nc3 e5 6. Ndb5 d6 7. Bg5 a6 8.
Na3 b5 9. Nd5 Be7 10. Bxf6 Bxf6 11. c4 b4 12. Nc2 O-O 13. Qf3 Be6 14. Nxf6+
Qxf6 15. Qxf6 gxf6 16. Bd3 a5 17. Kd2 a4 18. f4 Rfb8 19. f5 Bd7 20. Ne3 Nd4 21.
Rhe1 Bc6 22. Ng4 Kg7 23. Re3 h5 24. Nf2 Rh8 25. Rh3 a3 26. b3 Kf8 27. Be2 h4
28. g3 Ke7 29. gxh4 Rag8 30. Rg3 Ra8 31. Rh3 Rag8 32. Rg3 Ra8 33. h5 Nxe2 34.
Kxe2 Rxh5 35. h3 Rh4 36. Rg4 Rxg4 37. hxg4 Rh8 38. Kf3 Kd7 39. Kg3 Kc7 40. Rd1
Bb7 41. Re1 Kb6 42. Rd1 Kc7 43. Nd3 Bxe4 44. Nxb4 Kb6 45. Nd5+ Kc5 46. Nxf6 Bc2
47. Rd5+ Kb4 48. Rxd6 Kc3 49. Nd5+ Kb2 50. Nb4 Bb1 51. Rd2+ Ka1 52. c5 Re8 53.
Kf3 Rh8 54. Kg3 Rh1 55. c6 Rc1 56. Kf3 Rc3+ 57. Ke2 e4 58. Rd4 Bxa2 59. Nxa2
Kxa2 60. Rc4 Rxc4 61. bxc4 Kb3 62. c7 a2 63. c8=Q a1=Q 64. Qb7+ Kc3 65. Qxe4
Qb2+ 66. Kf3 Qh2 67. Qe3+ Kxc4 68. Qf4+ Qxf4+ 69. Kxf4 Kd5 70. g5 1-0

[Event "Copenhagen Chess Challenge 2017"]
[Site "Ballerup"]
[Date "2017.05.12"]
[Round "5.4"]
[White "Englert, Fabian"]
[Black "Hector, Jonny"]
[Result "1-0"]
[WhiteElo "2375"]
[BlackElo "2498"]
[PlyCount "87"]
[EventDate "2017.05.10"]

1. c4 e5 2. g3 h5 3. Nf3 e4 4. Nh4 Be7 5. Nc3 c6 6. d3 d5 7. cxd5 cxd5 8. dxe4
d4 9. Nd5 Nc6 10. Bg2 Be6 11. O-O Rc8 12. Nf5 Bxf5 13. exf5 Nf6 14. Nxe7 Nxe7
15. Bxb7 Rb8 16. Qa4+ Kf8 17. Bf3 a5 18. Bd2 Rxb2 19. Qxa5 Qxa5 20. Bxa5 Nxf5
21. Rfb1 Rxb1+ 22. Rxb1 Ke7 23. Rb7+ Ke6 24. Rb6+ Ke5 25. Bb7 Ne7 26. f4+ Kf5
27. a4 Ned5 28. Rb5 Ke6 29. Bb6 Nxb6 30. Rxb6+ Kd7 31. Rb4 Kc7 32. Bf3 Rb8 33.
Rc4+ Kb6 34. Rxd4 Ka5 35. Bxh5 Nxh5 36. Rd5+ Kxa4 37. Rxh5 Kb4 38. Rd5 Kc4 39.
Rd7 Rf8 40. Kf2 Kc5 41. e4 Kc6 42. Rd3 Ra8 43. Kf3 Ra2 44. h4 1-0

[Event "Copenhagen Chess Challenge 2017"]
[Site "Ballerup"]
[Date "2017.05.12"]
[Round "5.5"]
[White "Hansen, Mads"]
[Black "Nikolovski, Nikola"]
[Result "0-1"]
[WhiteElo "2440"]
[BlackElo "2366"]
[PlyCount "60"]
[EventDate "2017.05.10"]

1. e4 c5 2. Nf3 d6 3. d4 cxd4 4. Nxd4 Nf6 5. Nc3 g6 6. Be3 Bg7 7. f3 O-O 8. Qd2
Nc6 9. O-O-O d5 10. Qe1 e5 11. Nxc6 bxc6 12. exd5 Nxd5 13. Bc4 Be6 14. Ne4 Qc7
15. Bc5 Rfd8 16. g4 Rab8 17. g5 Qb7 18. Bb3 a5 19. Qxa5 Ra8 20. Qd2 Rdb8 21.
Kb1 Qa6 22. Ba3 Qb6 23. Bd6 Rb7 24. Nc5 Rba7 25. Nxe6 fxe6 26. a4 e4 27. Ba3
Rxa4 28. Bxa4 Rxa4 29. c4 Rxa3 30. cxd5 Rb3 0-1

[Event "Copenhagen Chess Challenge 2017"]
[Site "Ballerup"]
[Date "2017.05.12"]
[Round "5.6"]
[White "Getz, Nicolai"]
[Black "Haubro, Martin"]
[Result "1/2-1/2"]
[WhiteElo "2378"]
[BlackElo "2356"]
[PlyCount "116"]
[EventDate "2017.05.10"]

1. e4 e5 2. Nf3 Nc6 3. Bc4 Nf6 4. d3 Be7 5. O-O O-O 6. Re1 d6 7. a4 Na5 8. Ba2
c5 9. c3 Nc6 10. Na3 h6 11. Nc2 Re8 12. b4 Bf8 13. b5 Na5 14. Ne3 b6 15. Nc4
Nxc4 16. Bxc4 a5 17. bxa6 Bxa6 18. Qb3 Bxc4 19. Qxc4 Qd7 20. Bd2 Ra7 21. Reb1
Rea8 22. Rxb6 Rxa4 23. Rxa4 Rxa4 24. Qb3 c4 25. dxc4 Ra1+ 26. Be1 Nxe4 27. Qc2
Ng5 28. Rb1 Nxf3+ 29. gxf3 Ra8 30. Qe4 Rc8 31. Rb7 Qe6 32. Rb4 Qe8 33. Rb7 Qc6
34. Qxc6 Rxc6 35. Rb4 f5 36. Bd2 Kf7 37. f4 Be7 38. Kg2 Ke6 39. Be3 Bf6 40.
fxe5 dxe5 41. Rb6 Rxb6 42. Bxb6 g5 43. h3 Kd6 44. f3 Kc6 45. Bf2 Be7 46. Ba7 h5
47. Kf1 Bc5 48. Bb8 Bd6 49. Ba7 Kb7 50. Be3 Be7 51. Ke2 Kc6 52. Ba7 g4 53. fxg4
hxg4 54. hxg4 fxg4 55. Bf2 Bg5 56. Kd3 Bf4 57. Ke4 Bh2 58. Be3 Bf4 1/2-1/2

[Event "Copenhagen Chess Challenge 2017"]
[Site "Ballerup"]
[Date "2017.05.12"]
[Round "5.7"]
[White "Kristensen, Kaare Hove"]
[Black "Hoi, Carsten"]
[Result "1/2-1/2"]
[WhiteElo "2329"]
[BlackElo "2368"]
[PlyCount "60"]
[EventDate "2017.05.10"]

1. e4 g6 2. d4 Bg7 3. Nc3 d6 4. f4 c6 5. Nf3 Bg4 6. Be3 Qb6 7. Qd2 Bxf3 8. gxf3
Nd7 9. O-O-O Qa5 10. Kb1 b5 11. h4 Nb6 12. h5 Nf6 13. hxg6 hxg6 14. Rxh8+ Bxh8
15. Nd5 Qxd2 16. Nxf6+ Bxf6 17. Rxd2 O-O-O 18. Rh2 Rh8 19. Rxh8+ Bxh8 20. b3 d5
21. f5 gxf5 22. Bh3 Kd7 23. Bxf5+ e6 24. Bg4 Nc8 25. exd5 cxd5 26. c3 Nd6 27.
Kc2 a6 28. Kd3 Ke7 29. Bf4 Bg7 30. Bh5 f6 1/2-1/2

[Event "Copenhagen Chess Challenge 2017"]
[Site "Ballerup"]
[Date "2017.05.12"]
[Round "5.8"]
[White "Aabling Thomsen, Jakob"]
[Black "Reimanis, Ritvars"]
[Result "1-0"]
[WhiteElo "2382"]
[BlackElo "2302"]
[PlyCount "171"]
[EventDate "2017.05.10"]

1. g3 Nf6 2. Bg2 e6 3. d3 d5 4. Nd2 Bc5 5. e3 O-O 6. Ne2 c6 7. a3 Nbd7 8. b4
Be7 9. Bb2 b6 10. O-O Bb7 11. c4 c5 12. cxd5 Nxd5 13. e4 N5f6 14. b5 Ne8 15.
Nc4 Qc7 16. a4 Nd6 17. f4 Rfd8 18. Qc2 Nxc4 19. dxc4 Bf6 20. e5 Bxg2 21. Kxg2
Qb7+ 22. Kg1 Be7 23. Ra3 f5 24. exf6 Bxf6 25. Re3 Bxb2 26. Qxb2 Nf8 27. Qc2 Rd6
28. f5 exf5 29. Nf4 g6 30. Qe2 Qg7 31. Nd5 Rad8 32. Re7 Qd4+ 33. Kg2 Rxd5 34.
cxd5 Qxd5+ 35. Qf3 Qa2+ 36. Rf2 Qxa4 37. Qc6 Qd4 38. Rxa7 Rd6 39. Qf3 Qc4 40.
Qe2 Qd5+ 41. Qf3 Qc4 42. Qf4 Rd4 43. Qe5 Rd7 44. Rxd7 Nxd7 45. Qe8+ Nf8 46. Rd2
f4 47. Rd8 f3+ 48. Kf2 Qc2+ 49. Kxf3 Qf5+ 50. Ke3 Qg5+ 51. Kd3 Qf5+ 52. Ke2 Qf6
53. Ke1 Kg7 54. Rd2 Qa1+ 55. Ke2 Qf6 56. Qe4 h5 57. Ra2 Ne6 58. Ke1 Qc3+ 59.
Kf2 Qf6+ 60. Kg2 Ng5 61. Qe3 Qf7 62. Qe5+ Kh6 63. Rf2 Qb7+ 64. Kf1 Qd7 65. Qh8+
Nh7 66. Qb2 Qd1+ 67. Kg2 Qd5+ 68. Kg1 Ng5 69. Qh8+ Nh7 70. h4 Qd3 71. Qe5 Qd7
72. Kh2 Qb7 73. Qe6 Kg7 74. Qc6 Qa7 75. Qd6 Qb7 76. Qe5+ Kh6 77. Qe6 Kg7 78.
Re2 Qf3 79. Qd7+ Kh6 80. Qd2+ Kg7 81. Re7+ Kg8 82. Qa2+ c4 83. Qxc4+ Kf8 84.
Rxh7 Qf2+ 85. Kh3 Qf1+ 86. Qxf1+ 1-0

[Event "Copenhagen Chess Challenge 2017"]
[Site "Ballerup"]
[Date "2017.05.12"]
[Round "5.9"]
[White "Andreasen, Joan Hendrik"]
[Black "Teplyi, Igor"]
[Result "0-1"]
[WhiteElo "2189"]
[BlackElo "2440"]
[PlyCount "74"]
[EventDate "2017.05.10"]

1. d4 Nf6 2. c4 e6 3. Nc3 Bb4 4. e3 O-O 5. Nge2 d5 6. a3 Be7 7. cxd5 exd5 8.
Nf4 Re8 9. Bd3 Bd6 10. O-O Bxf4 11. exf4 Nc6 12. Bc2 Ne7 13. h3 h5 14. Qf3 Bf5
15. Bxf5 Nxf5 16. Rd1 Qd7 17. g4 hxg4 18. hxg4 Nh4 19. Qg3 Qxg4 20. Qxg4 Nxg4
21. Nxd5 Re2 22. Be3 c6 23. Nc3 Rxb2 24. Rdb1 Rxb1+ 25. Rxb1 b6 26. Rc1 Rd8 27.
Ne2 Rd6 28. Kf1 Nf5 29. Rc3 Re6 30. Bc1 Nf6 31. a4 Nd5 32. Rc4 Kf8 33. Ba3+ Ke8
34. Bc1 Kd7 35. Bd2 Re4 36. f3 Re3 37. Kf2 Ra3 0-1

[Event "Copenhagen Chess Challenge 2017"]
[Site "Ballerup"]
[Date "2017.05.12"]
[Round "5.10"]
[White "Moe, Mogens"]
[Black "Arman, Deniz"]
[Result "0-1"]
[WhiteElo "2185"]
[BlackElo "2377"]
[PlyCount "74"]
[EventDate "2017.05.10"]

1. e4 Nc6 2. d4 d5 3. Nc3 Nf6 4. e5 Nd7 5. Nxd5 Ndb8 6. Ne3 Qxd4 7. Qxd4 Nxd4
8. c3 Ne6 9. Nf3 g6 10. b3 Bg7 11. Bb2 Nd7 12. c4 Ndc5 13. Be2 c6 14. Rd1 a5
15. Nd4 Nf4 16. g3 Nxe2 17. Nxe2 a4 18. b4 a3 19. Bd4 Na4 20. Rd2 Nb2 21. f4 f6
22. exf6 Bxf6 23. Bxf6 exf6 24. Nd4 Kf7 25. Ke2 Re8 26. Rc1 Ra4 27. Rc3 Rxb4
28. Ndc2 Rxc4 29. Rxa3 Rce4 30. Kf3 Nc4 31. Nxc4 Rxc4 32. Ne3 Rce4 33. Rb2 h5
34. Rb6 Rd4 35. Rab3 Rd2 36. Rb2 Rd3 37. Re2 Bg4+ 0-1

[Event "Copenhagen Chess Challenge 2017"]
[Site "Ballerup"]
[Date "2017.05.12"]
[Round "5.11"]
[White "Rostgaard, Tobias Valentin"]
[Black "Thorsbro, Peter"]
[Result "1-0"]
[WhiteElo "2366"]
[BlackElo "2195"]
[PlyCount "98"]
[EventDate "2017.05.10"]

1. e4 c6 2. d4 d5 3. Nd2 dxe4 4. Nxe4 Bf5 5. Ng3 Bg6 6. Bc4 e6 7. h4 h6 8. N1e2
Bd6 9. Nf4 Bxf4 10. Bxf4 Nf6 11. Qe2 Qa5+ 12. Bd2 Qc7 13. O-O-O O-O 14. h5 Bh7
15. Bd3 Bxd3 16. Qxd3 Nbd7 17. Ne4 Rad8 18. Nxf6+ Nxf6 19. g4 c5 20. g5 Rxd4
21. Qf3 hxg5 22. h6 g4 23. Qe3 Nd5 24. Qe2 Nf4 25. Qe1 Rfd8 26. hxg7 f6 27.
Rh8+ Kxg7 28. Rxd8 Rxd8 29. f3 Qe5 30. Qh4 Qg5 31. Qxg5+ fxg5 32. Bc3+ Kg6 33.
Rxd8 gxf3 34. Be1 e5 35. Kd2 Kf5 36. Rf8+ Ke4 37. Rg8 Kf5 38. Ke3 Ng2+ 39. Kf2
g4 40. Bd2 Nf4 41. Rf8+ Ke4 42. Bxf4 exf4 43. Re8+ Kd4 44. Re7 b5 45. Rxa7 Ke4
46. Re7+ Kd4 47. c3+ Kd3 48. Re5 c4 49. a3 Kc2 1-0